狗狗這樣教, 主人好輕鬆2 : (Record no. 7019)
[ view plain ]
| 000 -記錄標示(系統產生) | |
|---|---|
| fixed length control field | 00933cam a2200289 i 4500 |
| 020 ## - ISBN | |
| ISBN | 9789861858883 |
| 價格 | 新臺幣280元 (平裝) |
| 100 1# - 主要款目 | |
| 第一作者姓名 | 戴更基 |
| 245 10 - 書籍基本資料 | |
| 書名 | 狗狗這樣教, 主人好輕鬆2 : |
| 副標題 | 不打不罵不關, 33招解決所有狗狗問題 / |
| 作者名稱 | 戴更基著 |
| 250 ## - 書籍版本資料 | |
| 書籍版本 | 初版 |
| 260 ## - 書籍出版資料 | |
| 出版地 | 臺北市 : |
| 出版者 | 高寶國際, |
| 出版年 | 2013[民102] |
| 300 ## - 外觀規格(長、寬、高) | |
| 數量(面數, 冊數或其他) | 220面 : |
| 插圖及其他 | 圖 ; |
| 高廣尺寸 | 21公分 |
| 490 1# - 套書系列資料 | |
| 套書名稱 | 新視野 |
| -- | New Window |
| 冊次號 | 138. |
| 942 ## - 其他項目(KOHA) | |
| 分類法來源 | 中文圖書分類法 |
| 館藏類型設定 | 一般圖書 |
| 撤銷狀態 | 遺失狀態 | 分類號來源 | 損壞狀態 | 不外借 | 永久館藏地 | 現在館藏地 | 書架位置 | 採購日期 | 所有借閱數 | Total Renewals | 完整索書號 | 條碼號 | 最後一次日期記錄 | 最後借出日期 | 一般價格有效日期 | Koha館藏類型 | 公開資訊 |
|---|---|---|---|---|---|---|---|---|---|---|---|---|---|---|---|---|---|
| 未註銷館藏 | 未遺失 | 中文圖書分類法 | 未損毀 | 可外借 | 怡仁綜合醫院圖書館 | 怡仁綜合醫院圖書館 | 2020-01-17 | 7 | 5 | 437.354 | C02622 | 2023-12-11 | 2023-11-14 | 2020-01-17 | 一般圖書 | 訓練狗狗不是壓制牠、打牠、告訴牠誰是BOSS!狗狗其實跟我們很像,如果你不想回到過去君主統治的時代,被當成奴隸鞭打,就不要強迫狗狗屈服在你的主人權威及鞭子之下! |